000 00584nam a22001697a 4500
003 BD-DhUL
005 20161106121828.0
008 161106s1959 fr ||||| |||| 00| 0 eng
040 _aBD-DhUL
_cBD-DhUL
082 _a016.5
_bUNB
110 2 _aUnited Nations Educatioal Scientific and Cultural Organization
245 0 0 _aBibliography of monolingual scientific and technical glossaries :
_bVol. 1 /
_cUnited Nations Educatioal Scientific and Cultural Organization
260 _aParis :
_bUNESCO,
_c1959.
300 _av. ;
_c 24cm.
650 0 _aIndia - History.
942 _2ddc
_cBK
999 _c119899
_d119899